01690nam a2200241 a 4500001001000000005001700010008004100027041000800068044000700076084002000083100004500103245007400148260004000222300001700262500030600279500011700585500048600702500011501188500001001303546002501313700006001338740005001398BRCA_302520190320204056.0200109s1752----fr-#---###---#000-0#fre-# afre afr a339b.L53c17521 aCervantes Saavedra, Miguel ded1547-161610aHistoire de l´Admirable Don QuichottecMiguel de Cervantes Saavedra. aParísbLibraires associésc1752 a6 v.c18 cm. aContenido : v 1. Primera parte. Advertencia del traductor. Prólogo del autor. Texto. -- v 2. Texto. -- v 3. Segunda parte. Texto. -- v 4. Texto. -- v 5. Primera parte de la continuación por el traductor. -- v 6. Segunda parte de la continuación por el traductor. Aprobación. Privilegio del Rey aEdición : Traduite de l´Espagnol de Michael de Cervantes. Nouvelle edition revueé corrigée et augmentée aEdición ajustada a la de 1713, impresa por la Compaigne des Libraires, con la novedad de contener la traducción del prólogo que Cervantes puso a la primera parte, del cual carecen las demás reimpresiones de la traducción de Filleau de Saint-Martin. Sin láminas. El traductor de dicho prólogo fue, según L. Rius, el afamado crítico Thémiseul de S. Hyacinthe, conocido bajo el pseudonimo de el Dr. Mathanasius. Piel; lomeras decoradas con dorados Lúdovik Osterc aEstado físico : Los volumenes uno, tres y cuatro de esta edición presentan la encuadernación deteriorada aQM266 aTexto en : francés1 aSaint-Martin, Francois Filleau ded1632-1695eTraductor0 aEl Ingenioso Hidalgo Don Quijote de la Mancha